000
00252nam a2200097 a 4500
005
20200930065641.0
008
110718s2004 000 spa d
245
0
_a
México, Guatemala, El Salvador, Honduras y Cuba.
260
_c
[s.f.].
999
_c
31946
_d
31946
040
_a
DO-SdBNP